Czyjego polskiego rapera jest to piosenka? #2 - Statystyki

Ogólne statystyki
  • Ten quiz został rozwiązany 1 332 razy
  • Średni wynik to 13 z 23
Statystyki odpowiedzi
Piosenka Raper % Poprawnych
Nadchodzi lato Bedoes
95%
California White 2115
95%
Rainman Tymek ft Trill Pem Tede
94%
Mademoiselle Blacha
89%
Fiji Taco Hemingway
86%
Nie nie Otsochodzi
81%
Wybory Jan rapowanie ft. Szpaku Guzior
76%
Dementor Filipek ft. Tymek
74%
Meow Beteo ft. ReTo
71%
10/29 Paluch
67%
Hype Quebonafide
67%
Góra trupów Chillwagon
66%
Alcatraz O.S.T.R
59%
Hollywoods PlanBe
59%
Ciepło Ciała Wac Toja
50%
Pętla ReTo
44%
Tinder TKM
41%
Bor Crew Kobik ft. Joda Paluch Szpaku
33%
Nintendo Deys ft. Schafter
26%
Jestem Byłem Będę Smolasty
26%
Wieczór Be vis
5%
Endorfina Hades
4%
LOT Sulin
4%
Nie znaleziono quizów pasujących do podanych kryteriów
Rozkład punktacji
Procent ludzi z każdym wynikiem
Percentyl według liczby udzielonych odpowiedzi
Twoja historia wyników
Nie rozwiązałeś tego quizu